Full Employment in a Free Society / (Record no. 2155)
[ view plain ]
| 000 -LEADER | |
|---|---|
| fixed length control field | 00319cam a2200133ua 4500 |
| 082 ## - DEWEY DECIMAL CLASSIFICATION NUMBER | |
| Classification number | 330.125 |
| Item number | BEV/FU |
| 100 ## - MAIN ENTRY--AUTHOR NAME | |
| Personal name | Beveridge, Lord. |
| 245 ## - TITLE STATEMENT | |
| Title | Full Employment in a Free Society / |
| 250 ## - EDITION STATEMENT | |
| Edition statement | 2 / |
| 260 ## - PUBLICATION, DISTRIBUTION, ETC. (IMPRINT) | |
| Place of publication | : |
| Name of publisher | George Allen & Unwin Ltd , |
| Year of publication | 1967. |
| 300 ## - PHYSICAL DESCRIPTION | |
| Number of Pages | 429 ; . |
| 500 ## - GENERAL NOTE | |
| General note | Annex |
| 942 ## - ADDED ENTRY ELEMENTS (KOHA) | |
| Koha item type | Books |
| Withdrawn status | Lost status | Damaged status | Home library | Current library | Date acquired | Full call number | Accession Number | Koha item type |
|---|---|---|---|---|---|---|---|---|
| Withdrawn | KAUAET | Sanskrit University | 07/04/2012 | 330.125 | 11291 | Books | ||
| Withdrawn | KAUAET | Sanskrit University | 07/04/2012 | 330.125 | 9752 | Books |
